000 00778nam a2200205Ia 4500
003 GCL
008 140319s9999 xx 000 0 ara d
020 _a1334200977
040 _aGCL /
_cGCL
082 0 4 _a419
_bك ع
100 1 _aكريم زكى حسام الدين
245 1 0 _aالعربية تطور وتاريخ :
_bدراسة تاريخية فى نشاة العربية والخط وانتشارهما /
_cكريم زكى حسام الدين
250 _aالاولى
260 _aالقاهرة :
_bمكتبة النهضة المصرية ،
_c2002
300 _a268 ص ؛
_c24 سم
650 0 4 _aاللغة العربية - اللهجات
650 0 4 _aاللغة العربية - تاريخ
650 0 4 _aالخط العربى - تاريخ
942 _2ddc
_cBK
999 _c3547
_d3547